Countries with the Most Chess Grandmasters - Statistics

General Stats
  • This quiz has been taken 194 times
  • The average score is 15 of 21
Answer Stats
Answer Hint % Correct
Russia 238
98%
United States 95
98%
China 48
95%
England 36
95%
India 67
94%
France 52
91%
Germany 95
89%
Spain 58
86%
Ukraine 87
83%
Poland 48
76%
Netherlands 39
69%
Hungary 53
66%
Azerbaijan 26
62%
Armenia 39
61%
Serbia 50
54%
Bulgaria 33
53%
Georgia 30
49%
Croatia 30
47%
Czechia 34
45%
Israel 45
38%
Cuba 26
21%
No matching quizzes found
Score Distribution
Percent of People with Each Score
Percentile by Number Answered
Your Score History
You have not taken this quiz